000 00923cam a2200289 4500
001 23728
003 BD-RjUL
005 20211209000950.0
008 140311s1969 ii b 001 0 eng
035 _a(BD-RjUL)23793
040 _aDLC
_cDLC
_dDLC
_dBD-RjUL
_beng
041 _aeng
082 0 0 _a891.28
_bMIK
100 1 _aMirashi, Vasudev Vishnu,
_d1893-
_971890
245 1 0 _aKālidāsa; date, life, and works /
_cby Vasudev Vishnu Mirashi and Narayan Raghunath Navlekar.
260 _aBombay :
_bPopular Prakashan,
_c1969.
300 _aviii, 473 p. ;
_c22 cm.
350 _aRs25.00
500 _aIncludes some quotations from Kālidāsa's works.
504 _aIncludes Bibliography: p. 463-464 and index.
600 0 0 _aKālidāsa.
_970128
700 0 _aKālidāsa.
_970128
700 1 _aNavlekar, Narayan Raghunath,
_ejoint author.
_973060
942 _2ddc
_cBK
999 _c23728
_d23728